2025 WNBA Draft - Statistics

General Stats
  • This quiz has been taken 34 times
  • The average score is 13 of 38
Answer Stats
# Round 1 % Correct
1st Paige Bueckers
100%
3rd Sonia Citron
87%
2nd Dominique Malonga
80%
4th Kiki Iriafen
73%
6th Georgia Amoore
70%
8th Saniya Rivers
63%
30th Kaitlyn Chen
60%
37th Aubrey Griffin
57%
12th Aziaha James
53%
11th Hailey Van Lith
50%
18th Te-Hina Paopao
47%
7th Aneesah Morrow
43%
27th JJ Quinerly
40%
13th Aaliyah Nye
33%
20th Bree Hall
33%
10th Ajša Sivka
27%
5th Justė Jocytė
27%
23rd Lucy Olsen
27%
21st Sania Feagin
27%
17th Shyanne Sellers
27%
16th Maddy Westbeld
23%
14th Madison Scott
23%
19th Makayla Timpson
23%
22nd Aicha Coulibaly
20%
28th Liatu King
20%
25th Rayah Marshall
20%
26th Serena Sundell
20%
36th Taylor Thierry
20%
35th Harmoni Turner
17%
29th Madison Conner
17%
38th Adja Kane
13%
15th Anastasiia Olairi Kosu
13%
34th Jordan Hobbs
13%
33rd Yvonne Ejim
13%
32nd Zaay Green
13%
31st Aaronnette Vonleh
10%
9th Sarah Ashlee Baker
7%
24th Dalayah Daniles
0%
No matching quizzes found
Score Distribution
Percent of People with Each Score
Percentile by Number Answered
Your Score History
You have not taken this quiz